Pamätáš sa

Bibliographic Details
Main Author: Zsuzsi Takács (Author)
Format: Article
Language:Slovak

MARC

LEADER 00000nab a2200000uu 4500
001 vtls011445763
003 SK-MaSNL
005 20260303164559.0
008 230313|2011 xo |||||||||||||||||slo|
015 |a SNBRB 
035 |a (urnnbn)urn:nbn:sk:snk:ar-005b2e 
035 |a (uuid)c13a8f84-209d-4bac-b607-e46677c3785b 
035 |a urn:nbn:sk:snk-abcj0q 
040 |a SNKBUCL  |b slo  |c SNKBUCL  |e AACR2 
041 0 |a slo 
044 |a xo  |c SK 
100 1 |a Zsuzsi Takács  |4 aut  |9 1190176 
245 1 0 |a Pamätáš sa  |c Zsuzsi Takács 
773 0 |t Dotyky : časopis pre mladú literatúru a umenie  |g Roč. 23, č. 5-6 (2011), s. 57 
958 |a OND 
958 |a EUIPO 
958 |a article16 
999 |c 2066446  |d 2068376